Célébrités - USA ou Canada - Statistiques

Statistiques générales
  • Ce quiz a été pris 759 fois
  • Le résultat moyen est 7 sur 10
Statistiques - réponses
Question Réponse % Correct
Où est née Taylor Swift ? USA
94%
Où est né The Weeknd ? Canada
84%
Où est né Justin Bieber ? Canada
84%
Où est née Marilyn Monroe ? USA
84%
Où est né Robert Downey Jr ? USA
74%
Où est né Drake ? Canada
69%
Où est née Scarlett Johansson ? USA
69%
Où est né John Cena ? USA
61%
Où est né Jim Carrey ? Canada
45%
Où est née Pamela Anderson ? Canada
24%
Aucun quiz correspondant
Distribution des résultats
% des personnes avec chaque résultat
Percentile par nombre de réponses
Votre historique - résultats
Vous n’avez pas pris ce quiz